Normal view
MARC view
- Myszka, David H
Entry Personal Name
001 - CONTROL NUMBER
- control field: 61635
003 - CONTROL NUMBER IDENTIFIER
- control field: NUST
005 - DATE AND TIME OF LATEST TRANSACTION
- control field: 20210628202804.0
008 - FIXED-LENGTH DATA ELEMENTS
- fixed length control field: 210628|| aca||aabn | a|a d
040 ## - CATALOGING SOURCE
- Original cataloging agency: NUST
- Transcribing agency: NUST
100 ## - HEADING--PERSONAL NAME
- Personal name: Myszka, David H
670 ## - SOURCE DATA FOUND
- Source citation: Work cat.: (NUST): Myszka, David H, Machines and mechanisms, applied kinermatic analysis, 2002
